Boston College Football: Top 10 All-Time Leaders - Statistics

General Stats
  • This quiz has been taken 12 times
  • The average score is 14 of 53
Answer Stats
Category # Player Amount % Correct
Receiving Yards 10 Darren Flutie 2,000
89%
Passing Yards 3 Matt Ryan 9,313
89%
Rushing Yards 1 AJ Dillon 4,382
78%
Passing Yards 1 Doug Flutie 10,579
78%
Tackles 1 Luke Kuechly 532
78%
Receiving Yards 1 Zay Flowers 3,056
56%
Rushing Yards 2 Andre Williams 3,739
44%
Sacks 2 Donovan Ezeiruaku 28.0
44%
Passing Yards 9 Frank Harris 4,555
44%
Sacks 5 Harold Landry 19.5
44%
Sacks 1 Mathias Kiwanuka 37.5
44%
Passing Yards 10 Matt Hasselbeck 4,548
44%
Rushing Yards 3 Montel Harris 3,735
44%
Rushing Yards 7 William Green 2,974
44%
Passing Yards 5 Brian St. Pierre 5,837
33%
Passing Yards 4 Chase Rettig 8,253
33%
Rushing Yards 5 Mike Cloud 3,597
33%
Receiving Yards 2 Alex Amidon 2,800
22%
Rushing Yards 8 Andre Callender 2,967
22%
Passing Yards 8 Anthony Brown 4,738
22%
Tackles 7 Bill Romanowski 365
22%
Receiving Yards 9 Brandon Robinson 2,023
22%
Passing Yards 2 Glenn Foley 10,039
22%
Passing Yards 7 Phil Jurkovec 5,184
22%
Receiving Yards 6 Brian Brennan 2,180
11%
Sacks 4 Chris Hovan 20.5
11%
Interceptions 3 DeJuan Tribble 15
11%
Rushing Yards 4 Derrick Knight 3,725
11%
Tackles 4 Ed Duran 429
11%
Sacks 6 Erik Storz 19.0
11%
Receiving Yards 8 Grant Adams 2,036
11%
Sacks T8 Jason Pohopek 17.0
11%
Interceptions 2 John Salmon 17
11%
Tackles 6 Josh Ott 381
11%
Receiving Yards 5 Kelvin Martin 2,337
11%
Tackles T8 Kevin Pearson 360
11%
Tackles T8 Kevin Pierre-Louis 360
11%
Rushing Yards 10 L.V. Whitworth 2,583
11%
Receiving Yards 7 Mark Chmura 2,046
11%
Tackles 3 Matt Kelley 432
11%
Rushing Yards 9 Mike Esposito 2,763
11%
Sacks 3 Mike Mamula 24.0
11%
Sacks 10 Mike Willetts 15.0
11%
Tackles 10 Pedro Cirino 332
11%
Receiving Yards 4 Pete Mitchell 2,388
11%
Receiving Yards 3 Rich Gunnell 2,459
11%
Sacks 7 Sean Guthrie 18.5
11%
Passing Yards 6 Shawn Halloran 5,252
11%
Tackles 2 Stephen Boyd 524
11%
Sacks T8 Stephen Boyd 17.0
11%
Tackles 5 Tom McManus 427
11%
Interceptions 1 Tony Thurman 25
11%
Rushing Yards 6 Troy Stradford 3,504
11%
No matching quizzes found
Score Distribution
Percent of People with Each Score
Percentile by Number Answered
Your Score History
You have not taken this quiz